Jednotná klasifikace oborů vzdělání

Gespeichert in:
Bibliographische Detailangaben
Format: Buch
Sprache:Tschechisch
Englisch
Veröffentlicht: Zlín-Louky Siak 1991
Ausgabe:2. vyd.
Schlagworte:
Tags: Tag hinzufügen
Keine Tags, Fügen Sie das erste Tag hinzu!

MARC

LEADER 00000nam a2200000 4500
001 c000936
005 20221214093919.7
041 0 |a cze 
041 0 |a eng 
044 |a CZ 
245 1 0 |a Jednotná klasifikace oborů vzdělání 
250 |a 2. vyd. 
264 1 |a Zlín-Louky  |b Siak  |c 1991 
300 |a 153 s. 
610 2 0 |a klasifikácia 
610 2 0 |a vzdelanie 
610 2 0 |a FSÚ Praha 
610 2 0 |a 1991 
610 2 0 |a kódy